LEADER 01632nam0 2200313 i 450 001 SUN0123319 005 20190920024350.983 010 $a978-08-218-6923-9$d0.00 100 $a20190913d2012 |0engc50 ba 101 $aeng 102 $aUS 105 $a|||| ||||| 200 1 $a*Groups and model theory$ein honor of Rüdiger Göbel?s 70th birthday$hMay 30?June 3$i2011 conference center ?Die Wolfsburg?, Mühlheim an der Ruhr, Germany$fLutz Strüngmann ... [et al.] editors 210 $aProvidence$cAmerican mathematical society$d2012 215 $aXVII, 316 p.$d26 cm. 410 1$1001SUN0043184$12001 $aContemporary mathematics$v576$1210 $aProvidence$cAmerican Mathematical Society$d1980-. 606 $a20Kxx$xAbelian groups [MSC 2020]$2MF$3SUNC021263 606 $a20Axx$xFoundations [MSC 2020]$2MF$3SUNC023968 606 $a20Fxx$xSpecial aspects of infinite or finite groups [MSC 2020]$2MF$3SUNC023970 606 $a03Cxx$xModel theory [MSC 2020]$2MF$3SUNC024387 620 $aUS$dProvidence$3SUNL000273 702 1$aStrüngmann$b, Lutz$3SUNV094705 712 $aAmerican mathematical society$3SUNV001080$4650 801 $aIT$bSOL$c20201019$gRICA 856 4 $uhttps://books.google.it/books?id=6ZsCAQAAQBAJ&pg=PA167&dq=9780821869239&hl=it&sa=X&ved=0ahUKEwiIhqCnsc3kAhVE6aQKHdHkAKQQ6AEIKDAA#v=onepage&q=9780821869239&f=false$zPreview 912 $aSUN0123319 950 $aUFFICIO DI BIBLIOTECA DEL DIPARTIMENTO DI MATEMATICA E FISICA$d08PREST 20-XX 4314 $e08DMF517 I 20190925 996 $aGroups and model theory$9241645 997 $aUNICAMPANIA LEADER 01125nam--2200349---450 001 990006024120203316 005 20220317092157.0 010 $a978-88-307-2143-2 035 $a000602412 035 $aUSA01000602412 035 $a(ALEPH)000602412USA01 035 $a000602412 100 $a20141013d2013----km-y0itay50------ba 101 $aita 102 $aIT 105 $a||||||||001yy 200 1 $a<> lista di Bergoglio$ei salvati da Francesco durante la dittatura: la storia mai raccontata$fNello Scavo$gprefazione di Adolfo Perez Esquivel$gcontiene l'interrogatorio inedito del cardinale Jorge Mario Bergoglio al Processo Esma del 2010 210 $aBologna$cEMI$d2013 215 $a190 p.$d22 cm 225 2 $aEmisferi 410 0$12001$aEmisferi 454 1$12001 606 0 $aPerseguitati politici$yArgentina$z1976-1984$2BNCF 676 $a323.490982 700 1$aSCAVO,$bNello$0620134 801 0$aIT$bsalbc$gISBD 912 $a990006024120203316 951 $aX.3.B. 7427$b248798 L.M.$cX.3.B.$d369043 959 $aBK 969 $aUMA 996 $aLista di Bergoglio$91077617 997 $aUNISA